ISO 31000: 2018 Enterprise Risk Management

Enregistré dans:
Détails bibliographiques
Auteur principal: Hutchins, Greg
Format: Livre
Langue:anglais
Publié: Portland Quality Plus Engineering 2018
Collection:CERM Academy Series on Enterprise Risk Management
Sujets:
Tags: Ajouter un tag
Pas de tags, Soyez le premier à ajouter un tag!

MARC

LEADER 00000nam a2200000 4500
001 0273137
005 20240314123058.3
020 |a 9780965466516 
041 0 |a eng 
044 |a US 
245 1 0 |a ISO 31000: 2018 Enterprise Risk Management  |c Greg Hutchins PE CERM 
264 1 |a Portland  |b Quality Plus Engineering  |c 2018 
300 |a 305 s. 
490 1 |a CERM Academy Series on Enterprise Risk Management 
830 0 |a CERM Academy Series on Enterprise Risk Management 
610 2 0 |a podnik 
610 2 0 |a riziko podnikateľské 
610 2 0 |a riadenie rizík 
610 2 0 |a štandardy medzinárodné 
610 2 0 |a dohody medzinárodné 
610 2 0 |a normalizácia 
610 2 0 |a normy ISO 
100 1 |a Hutchins, Greg